00677nam a2200193 a 450000100100000000500170001000800410002704000250006808200160009310000260010924500880013526000360022330000210025953400270028070000300030704900090033795201200034699900170046600002280920200930021818.0101118s1970 ve r 000 0 spa d aDO-SdBNPbspacBNPHU axxxxbB666m1 aBodard, Lucien94686110aMasacre de indios en el amazonas /cLucien Bodard ; traducción Jorge Piatigorsky. aCaracas :bTiempo Nuevo,c1970. a392 p. ;c19 cm. aLe massacre des indies1 aPiatigorsky, Jorge940936 aBNGR 001054708MOaGRbGRcCTd2010-11-18iLF1l0oxxxx B666mp22809-10r2020-06-25w2020-06-25y4ZPréstamo en sala c22306d22306